000 00676nam a22002177a 4500
003 OSt
005 20140310183004.0
008 130209t xxu||||| |||| 00| 0 eng d
020 _a9710865668
050 _aPN 5422
_b.M295 2005
100 _aMalinao, Alito L.
245 _aCampus and community journalism handbook :
_bwith campus journalism Act of 1991 and its implementing rules and regulations /
_cAlito L. Malinao
260 _aMandaluyong City :
_bNational Book Store,
_c2005.
300 _a296 p. :
_c22 cm.
_bill. ;
521 _aMC
650 _aJournalism
_xStudy and teaching.
942 _2lcc
_cBK
_kLOC
999 _c18151
_d18151